Loading...
National Accounts Statistics 1970-71 - 1979-80
| Main Author: | |
|---|---|
| Format: | Printed Book |
| Language: | Undetermined |
| Published: |
Delhi
Controller
1982
|
| LEADER | 00431nam a2200121Ia 4500 | ||
|---|---|---|---|
| 008 | 100907s9999 xx 000 0 und d | ||
| 100 | |a Central Statistical Organisation | ||
| 245 | |a National Accounts Statistics 1970-71 - 1979-80 | ||
| 260 | |b Controller |a Delhi |c 1982 | ||
| 300 | |a 170 | ||
| 942 | |c BK | ||
| 999 | |c 314455 |d 314455 | ||
| 952 | |0 0 |1 0 |4 0 |6 CEN_NA |7 0 |9 360555 |a ECN |b ECN |c ST1 |d 2010-09-07 |g 0.00 |i 4965 |l 0 |o CEN/NA |p ECN4965 |r 2019-02-13 |w 2019-02-13 |y BK | ||